00319nam a22001217a 450000500170000000800410001704100120005808200140007010000130008424500500009730000250014765000250017220231121134129.0231121b |||||||| |||| 00| 0 eng d aFrench  a342.8 AFR lEnglish  aAfrican Charter on Human and Peoples' Rights  b28 pages ; c22 cm.  aLegal practice bLaw